| 000 | 00861nam a22002297a 4500 | ||
|---|---|---|---|
| 005 | 2008092903563.0 | ||
| 008 | 080929t xxu||||| |||| 00| 0 eng d | ||
| 010 | _aENG-91075 | ||
| 020 |
_a9788184500851 _c980.00 |
||
| 035 | _aEN-74608 | ||
| 037 | _bDBAD / PUB | ||
| 040 | _aDPL | ||
| 082 | _a338.473621 | ||
| 100 | _aKumar, R | ||
| 245 |
_aMedical tourism in India: _cby R. Kumar; foreword by Raj Bahadur _bmanagement and promotion / |
||
| 260 |
_aNew Delhi _bDeep & Deep Publications _c2008 |
||
| 300 |
_axix, 335p. _c22cm.(Hb) |
||
| 500 | _aInclude bibliographical references and index | ||
| 650 |
_aMedical tourism _zIndia |
||
| 942 |
_2ddc _cEN _mKUM _h338.473621 |
||
| 999 |
_c16052 _d16052 |
||